00322nam a2200133Ia 4500008004100000020001500041041001200056082001100068100001700079245004500096260002500141300000800166650001400174221030s9999 xx 000 0 und d a0074624679 aEnglish a105.23 aR. K. Taxali 0aPC Software made Simplecby R. K. Taxali bPHIaNew Delhic2001 a739 aComputers